000 00504nam a2200181Ia 4500
008 230524s9999 xx 000 0 und d
020 _a9788177584127
082 _a658.401
_bBES
100 _aDale H.Besterfield
245 0 _a"Total Quality Management, "
250 _aIST
260 _aNEW DELHI
_bPearson
_c2009
300 _aVIII;243
500 _aQuantity Number: 4
650 _aManagement
700 _a"Carol Besterfield-Michna,Glen H.Besterfield , Mary Besterfield-Sacre,,"
942 _cBK
999 _c45143
_d45143